000 00599cam a2200193 a 4500
001 000008035
005 20200929154414.0
008 830330s1941 ag 000 f spa d
040 _aDO-SdBNP
_bspa
_cBNPHU
082 _a863.6
_bP438ó
100 1 _aPérez de Ayala, Ramón,
_d1880-1962
_915031
245 1 3 _aEl ombligo del mundo /
_cRamón Pérez de Ayala.
260 _aBuenos Aires :
_bLosada,
_c1941.
300 _a176 p. ;
_c18 cm.
490 1 _aBiblioteca comtemporánea
650 4 _aNovela española
_91123
650 4 _aLiteratura española
_9632
830 0 _aBiblioteca comtemporánea
_921943
999 _c7812
_d7812